000 01071nam a2200337Ia 4500
003 OSt
005 20220912145044.0
006 a|||||r|||| 00| 0
007 ta
008 220909b |||||||| |||| 00| 0 eng d
020 _a0387298711 (hbd)
024 _a65786
037 _b172, 26/10/2006, Ashutosh Technical Books
037 _cTextual
040 _aCSL
_beng
_cCSL
041 _aeng
082 _aY7:(K97979), P6
100 _aLehman Shawn M
245 0 _aPrimate biogeography: Progress and prospects
260 _aNew York
_bSpringer Science+Business Media
_c2006
300 _axi, 535p.
_ccm.
490 _aDevelopments in primatology: Progress and prospects
500 _aIncludes bibliographical references.; Index 523-535p.
650 _a Ecological biogeography
650 _a Primates
650 _a Primates
650 _aAnthropology
700 _a Fleagle John G
942 _hY7:(K97979), P6
_cTEXL
_2CC
999 _c22027
_d22027